| 000 | 00723nam a22002177a 4500 | ||
|---|---|---|---|
| 999 |
_c20132 _d20132 |
||
| 003 | AR-CdUCM | ||
| 008 | 190527b ||||| |||| 00| 0 spa d | ||
| 040 |
_aMUNICIPALIDAD PROVINCIAL DEL CUSCO _cBIBLIOTECA MUNICIPAL DEL CUSCO |
||
| 041 | _heng | ||
| 082 |
_a620.1 / _bT56 |
||
| 100 |
_aTimoshenko, S. : _921705 |
||
| 245 | _aMecánica técnica | ||
| 260 |
_aBuenos Aires : _bSebastián de amorrortu, _c1959. |
||
| 300 |
_a570 páginas ; _bIlustraciones _c21 cm. |
||
| 505 | _aContenido: Absoluta, aceleración -- Angular -- Velocidad -- Cinética -- Energiza... | ||
| 650 |
_aEnergia _915841 |
||
| 650 |
_aMecánica _918682 |
||
| 700 |
_aCaldeiro Ricoy, J. (traductor) _942107 |
||
| 942 |
_2ddc _cLIBROS |
||
| 945 | _aAndy | ||